MDQL
is popping MORE tags! Check the
thread
!
Quizzes
Events
Quiz Creation
Community
Videos
Private Events
Remove Ads
Sign In
Join for FREE
Feedback
Dark Mode
Quiz Categories
Sports
Geography
Music
Movies
Television
Just For Fun
Miscellaneous
History
Literature
Language
Science
Gaming
Entertainment
Religion
Holiday
For Kids
Quiz Lab
Recent
Popular Today
Quiz Kudos Today
Editor Picks
Curator Picks
Quizzes by...
Day
Popularity
Type
Ratings
Length
Year
Community
Subscriptions
Recent Discussions
Orange Saloon
Badges
Playlists
Quests
Create
Leaderboards
Showdown
Live 5
Trivia Bingo
Activity
Puzzle Library
Sporcle Events
Private Events
Virtual Trivia
Globe League
Become a Host
Pub Owners
SporcleCon
Opinionation
Our Games
Videos
Blog
Mobile Apps
Partnerships
Remove Ads and Go Orange
Feedback
Sports
Athletes
MLB
NBA
NHL
NFL
Soccer
Sports Teams
WWE
NCAA
Football
Premier League
Basketball
Baseball
Hockey
Golf
Tennis
Cricket
Rugby
Auto Racing
Olympics
World Cup
Sports
Athletes
MLB
NBA
NHL
NFL
Soccer
Sports Teams
WWE
NCAA
Football
Premier League
Basketball
Baseball
Hockey
Golf
Tennis
Cricket
Rugby
Auto Racing
Olympics
World Cup
Random Quiz
Search Sporcle
×
Quiz Lab
Quiz Lab
Sports
Baseball
Type in answers that appear in a list
Type in answers that appear in a list
Classic
Best Score? Go Orange.
Opening Day Lineups: Rangers Stats
Can you name the Opening Day Lineups: Rangers from 1991-2010?
By
steven_pence
15m
200 Questions
138 Plays
138 Plays
138 Plays
Comments
Comments
Give Quiz Kudos
Give Quiz Kudos
-
- Ratings
hide this ad
Replay
Link that replays current quiz
Next Quiz
Link to next quiz in quiz playlist
You Got
0%
They Got
Avg Score
47%
Avg Friend Score
Upgrade to see
Score Distribution
Jump to the score distribution portion of the page
Score
0/200
Timer
15:00
0
Plays Today
% Correct
Michael Young
97.1%
Michael Young
97.1%
Michael Young
97.1%
Michael Young
97.1%
Michael Young
97.1%
Michael Young
97.1%
Michael Young
97.1%
Michael Young
97.1%
Michael Young
97.1%
Darryl Hamilton
93.5%
Josh Hamilton
93.5%
Josh Hamilton
93.5%
Josh Hamilton
93.5%
Ivan Rodriguez
92.8%
Ivan Rodriguez
92.8%
Ivan Rodriguez
92.8%
Ivan Rodriguez
92.8%
Ivan Rodriguez
92.8%
Ivan Rodriguez
92.8%
Ivan Rodriguez
92.8%
Ivan Rodriguez
92.8%
Ivan Rodriguez
92.8%
Alex Rodriguez
92.8%
Ivan Rodriguez
92.8%
Alex Rodriguez
92.8%
Ivan Rodriguez
92.8%
Alex Rodriguez
92.8%
Juan Gonzalez
92%
Juan Gonzalez
92%
Juan Gonzalez
92%
Juan Gonzalez
92%
Juan Gonzalez
92%
Juan Gonzalez
92%
Juan Gonzalez
92%
Juan Gonzalez
92%
Nelson Cruz
84.8%
Nelson Cruz
84.8%
Ian Kinsler
84.1%
Ian Kinsler
84.1%
Ian Kinsler
84.1%
Ian Kinsler
84.1%
Rafael Palmeiro
82.6%
Rafael Palmeiro
82.6%
Rafael Palmeiro
82.6%
Rafael Palmeiro
82.6%
Rafael Palmeiro
82.6%
Rafael Palmeiro
82.6%
Rafael Palmeiro
82.6%
Rafael Palmeiro
82.6%
Elvis Andrus
79.7%
Elvis Andrus
79.7%
Vladimir Guerrero
79%
Chris Davis
74.6%
Chris Davis
74.6%
Hank Blalock
69.6%
Hank Blalock
69.6%
Hank Blalock
69.6%
Hank Blalock
69.6%
Hank Blalock
69.6%
Hank Blalock
69.6%
Hank Blalock
69.6%
Hank Blalock
69.6%
Mark Teixeira
66.7%
Mark Teixeira
66.7%
Mark Teixeira
66.7%
Mark Teixeira
66.7%
Nolan Ryan
65.9%
% Correct
Nolan Ryan
65.9%
Kenny Rogers
64.5%
Kenny Rogers
64.5%
Kenny Rogers
64.5%
Manuel Lee
63%
Kevin Millwood
58.7%
Kevin Millwood
58.7%
Kevin Millwood
58.7%
Kevin Millwood
58.7%
Jarrod Saltalamacchia
57.2%
Jarrod Saltalamacchia
57.2%
Ruben Sierra
56.5%
Ruben Sierra
56.5%
Ruben Sierra
56.5%
David Murphy
54.3%
Alfonso Soriano
52.9%
Alfonso Soriano
52.9%
Rusty Greer
50.7%
Rusty Greer
50.7%
Rusty Greer
50.7%
Rusty Greer
50.7%
Rusty Greer
50.7%
Rusty Greer
50.7%
Rusty Greer
50.7%
Kevin Brown
49.3%
Julio Franco
48.6%
Julio Franco
48.6%
Jose Canseco
47.8%
Jose Canseco
47.8%
Julio Borbon
47.8%
Chan Ho Park
44.2%
Dean Palmer
42.8%
Dean Palmer
42.8%
Dean Palmer
42.8%
Dean Palmer
42.8%
Dean Palmer
42.8%
Will Clark
42%
Will Clark
42%
Will Clark
42%
Will Clark
42%
Gerald Laird
42%
Gerald Laird
42%
Gerald Laird
42%
Marlon Byrd
41.3%
Marlon Byrd
41.3%
Sammy Sosa
40.6%
Scott Feldman
39.1%
Gary Matthews
37%
Kenny Lofton
37%
Rick Helling
36.2%
Rick Helling
36.2%
Milton Bradley
34.1%
Kevin Mench
31.2%
Laynce Nix
31.2%
Kevin Mench
31.2%
Kevin Mench
31.2%
Laynce Nix
31.2%
Rod Barajas
29%
Rod Barajas
29%
Ken Hill
25.4%
Ken Hill
25.4%
Royce Clayton
24.6%
Royce Clayton
24.6%
Steve Buechele
23.2%
Lee Stevens
22.5%
Lee Stevens
22.5%
Lee Stevens
22.5%
% Correct
Frank Catalanotto
21.7%
Frank Catalanotto
21.7%
Gary Pettis
20.3%
Benji Gil
20.3%
Benji Gil
20.3%
Mark McLemore
20.3%
Mark McLemore
20.3%
Benji Gil
20.3%
Mark McLemore
20.3%
Otis Nixon
20.3%
Einar Diaz
20.3%
Tom Goodwin
19.6%
Tom Goodwin
19.6%
Todd Zeile
19.6%
Carl Everett
18.1%
Carl Everett
18.1%
Brad Wilkerson
18.1%
Brad Wilkerson
18.1%
Geno Petralli
16.7%
Mickey Tettleton
16.7%
Mickey Tettleton
16.7%
Kevin Elster
16.7%
Mickey Tettleton
16.7%
Kevin Elster
16.7%
Ken Caminiti
16.7%
Andres Blanco
16.7%
Gabe Kapler
15.9%
Gabe Kapler
15.9%
David Segui
15.2%
John Burkett
14.5%
David Hulse
13.8%
Billy Ripken
13.8%
David Hulse
13.8%
Andres Galarraga
13.8%
Brad Fullmer
13.8%
Fernando Tatis
13%
Phil Nevin
13%
Richard Hidalgo
12.3%
Chris James
11.6%
Luis Alicea
11.6%
Ruben Mateo
11.6%
Luis Alicea
11.6%
Ruben Mateo
11.6%
Jeff Frye
10.9%
Damon Buford
10.9%
Tom Evans
10.9%
Randy Velarde
10.9%
David Dellucci
10.9%
David Dellucci
10.9%
Brian Downing
10.1%
Kevin Reimer
9.4%
Doug Glanville
9.4%
Jeff Huson
8%
Doug Strange
8%
Ismael Valdez
8%
Ben Broussard
7.2%
Bo Porter
6.5%
Ryan Drese
6.5%
Al Newman
5.1%
Dickie Thon
5.1%
Warren Newson
5.1%
Jack Daugherty
4.3%
Craig Worthington
4.3%
Craig Lefferts
4.3%
Monty Fariss
3.6%
Billy Hatcher
3.6%
Quiz Playlist
Details
Report
Send in Message
Add To Playlist
Classic:
Type in answers that appear in a list
Last Updated: Feb 16, 2017
Quiz Scoreboard
CHALLENGE
Sign Up to Join the Scoreboard
Show All
Scores
Hide
Comments
May contain spoilers
Recently Published
Two Season TV Shows II
by 123Four
Television
10m
Image Sorting: Flags VI
by Barbecue
Geography
2m
Find the 'City' Movie
by crazypaving
Movies
60s
More to Explore
Quiz From the Vault
Featured Blog Post
14 Easter Pick-up Lines to Find Eggs With
hide this ad
You Might Also Like...
Tags
Baseball Quiz
Texas Rangers
Today's Top Quizzes in Sports
Browse Sports
hide this ad
Today's Top Quizzes in Baseball
Browse Baseball
Top Contributed Quizzes in Sports
1
Les meilleurs buteurs des matchs entre le PSG et l’OM
2
Les entraîneurs de l'OM et du PSG au 21e siècle
3
2022 World Cup Stars
4
Les joueurs passés par le PSG et l'OM
5
Players with Multiple 50 Home Run Seasons
6
FIFA Club World Cup Champions
7
Criteria MLB: Left Handed Sluggers
8
Les joueurs passés par le LOSC et le RC Lens
9
Top 10 NHL Goal Scorers of All Time
10
MLB Players with Two .350 Batting Average Seasons
Explore More
Trending Topics
Marvel
Crossword
Anime
Disney
Kpop
Harry Potter
NBA
Puzzle
NFL
Country
Pokémon
Song
Soccer
WWE
The Office
hide this ad
More By:
steven_pence
Quiz
Plays
Rating
Category
Featured
Created
Opening Day Lineups: Rangers
138
5.00
Sports
Oct 7, 2010
Go to Creator's Profile
Score Distribution
Quiz Creator Spotlight
steven_pence
Follow
Send a Message
Quizzes Created
-
Created Quiz Play Count
-
More By This Creator
Popular Quizzes Today
1
Find the US States - No Outlines Minefield
2
Colored Red Africa Blitz
3
Find the 'City' Movie
4
5x2 Blitz: Bands
5
The Countries of the World
6
Find the Countries of Europe - No Outlines Minefield
7
Find the US States
8
US States
More Sports Quizzes
NCAA Profile: Missouri
Published
Trending Quizzes
Colored Red Europe Blitz I
Colored Red Africa Blitz II
Colored Red Europe Blitz II
Colored Red Europe Blitz III
Colored Red Africa Blitz III
Recently Updated
How Do You Spell That?
pecheneg
Godzilla Movies
pecheneg
Grab Bag: 4-10 Letters
pecheneg
2024 March Madness Bracket
pecheneg
Famous TV Couples
Peacemaker
Champions League XIs: Real Madrid
pecheneg
Largest US Cities 1790-2010
pecheneg
Rides in Walt Disney World
pecheneg
Most Oscar Losses (Acting)
pecheneg
Beyoncé Albums
pecheneg
Trending Topics
Anime
Crossword
Marvel
NBA
Harry Potter
Disney
Kpop
Country
WWE
Song
Puzzle
The Office
Pokémon
NFL
Soccer
Your Account Isn't Verified!
In order to create a playlist on Sporcle, you need to verify the email address you used during registration. Go to your
Sporcle Settings
to finish the process.
Report this User
Report this user for behavior that violates our
Community Guidelines
.
Details:
Send Report
Go to the Sporcle.com Mobile Site →
Comments